Business Statistics in Practice. (Record no. 1145)

MARC details
005 - DATE AND TIME OF LATEST TRANSACTION
control field 20250404111719.0
020 ## - INTERNATIONAL STANDARD BOOK NUMBER
International Standard Book Number 0-07-232058-3
082 ## - DEWEY DECIMAL CLASSIFICATION NUMBER
Classification number 519.502 BOW
100 ## - MAIN ENTRY--PERSONAL NAME
Author name BOWERMAN, B.L.
245 ## - TITLE STATEMENT
Title Business Statistics in Practice.
250 ## - EDITION STATEMENT
Edition statement 2nd Ed.
260 ## - PUBLICATION, DISTRIBUTION, ETC.
Place of publication, distribution, etc. New York,
Name of publisher, distributor, etc. Mcgraw-Hill Irwin
Date of publication, distribution, etc. 2001.
300 ## - PHYSICAL DESCRIPTION
Extent xxiii,856p.: Ill.; figures, & tables.
Other physical details Index.
Dimensions 28cm.
700 ## - ADDED ENTRY--PERSONAL NAME
Other authors/Editors O'CONNELL, R.T. & HAND, M.L.
856 ## - ELECTRONIC LOCATION AND ACCESS
Link text Access Online Book
Electronic name Business statistics
Path www.mhhe.com
942 ## - ADDED ENTRY ELEMENTS (KOHA)
Source of classification or shelving scheme Dewey Decimal Classification
Koha item type Books
Holdings
Date last seen Total checkouts Full call number Barcode Cost, replacement price Price effective from Koha item type Lost status Source of classification or shelving scheme Damaged status Not for loan Withdrawn status Home library Current library Shelving location Date acquired Cost, normal purchase price
04/04/2025   519.502 BOW 0000004564 30000.00 04/04/2025 Books   Dewey Decimal Classification       College of Business Education Main Library College of Business Education Main Library General Collection 02/25/2005 10000.00
04/04/2025   519.502 BOW 0000004565 30000.00 04/04/2025 Books   Dewey Decimal Classification       College of Business Education Main Library College of Business Education Main Library General Collection 04/04/2025 10000.00
04/04/2025   519.502 BOW 0000004566 30000.00 04/04/2025 Books   Dewey Decimal Classification       College of Business Education Main Library College of Business Education Main Library General Collection 02/25/2005 10000.00
04/04/2025   519.502 BOW 0000004567 30000.00 04/04/2025 Books   Dewey Decimal Classification       College of Business Education Main Library College of Business Education Main Library General Collection 04/04/2025 10000.00
04/04/2025   519.502 BOW 0000004568 30000.00 04/04/2025 Books   Dewey Decimal Classification       College of Business Education Main Library College of Business Education Main Library General Collection 04/04/2025 10000.00
04/04/2025   519.502 BOW 0000004569 30000.00 04/04/2025 Books   Dewey Decimal Classification       College of Business Education Main Library College of Business Education Main Library General Collection 04/04/2025 10000.00
04/04/2025   519.502 BOW 0000004570 30000.00 04/04/2025 Books   Dewey Decimal Classification       College of Business Education Main Library College of Business Education Main Library General Collection 04/04/2025 10000.00
04/04/2025   519.502 BOW 0000004571 30000.00 04/04/2025 Books   Dewey Decimal Classification       College of Business Education Main Library College of Business Education Main Library General Collection 04/04/2025 10000.00
04/04/2025   519.502 BOW 0000004572 30000.00 04/04/2025 Books   Dewey Decimal Classification       College of Business Education Main Library College of Business Education Main Library General Collection 04/04/2025 10000.00